00485nam a22001697a 450000500170000000800410001702000180005804000210007604100080009708200170010510000320012224500470015425000120020126000420021330000100025565000500026520260515114923.0220621b ||||| |||| 00| 0 eng d a9788126719723 aIN-DiNCcIN-DiNC dhin a891.433bREN aRenu, Fanishwarnatheauthor aSampurna kahaniyan/cby Fanishwarnath Renu a4th ed. aNew Delhi:bRajkamal prakashan,c2018 a584p. aA collection of stories by Fanishwarnath Renu